ბათუმის შოთა რუსთაველის სახელმწიფო უნივერსიტეტის ბიბლიოთეკა

სოლომონ დოდაშვილი 1805-1836 : (ბიბ.ჩანაწერი № 59981)

000 -ლიდერი
ფიქსირებული სიგრძის საკონტროლო ველი 01140nam a22002297a 4500
003 - საკონტროლო ნომრის იდენტიფიკატორი
საკონტროლო ველი Ge_BSU
005 - ბოლო ოპერაციის თარიღი და დრო
საკონტროლო ველი 20230525164654.0
008 - ფიქსირებული სიგრძის მონაცემთა ელემენტები - ზოგადი ინფორმაცია
ფიქსირებული სიგრძის საკონტროლო ველი 230525s2007 ge ||||| |||| 00| 0 geo d
020 ## - წიგნის საერთაშორისო სტანდარტული ნომერი
International Standard Book Number 9789992809778
041 ## - ენის კოდი
Language code of text/sound track or separate title geo
080 ## - უნივერსალური ათობითი კლასიფიკაციის ინდექსი
Universal Decimal Classification number 016:1(479.22)(092 დოდაშვილი, ს.) დ-72
100 ## - მთავარი ჩანაწერი - პიროვნების სახელი
Personal name დოლიძე, ნ.
9 (RLIN) 18236
245 ## - ცნობა სათაურის შესახებ
Title სოლომონ დოდაშვილი 1805-1836 :
Remainder of title ბიობიბლიოგრაფია /
Statement of responsibility, etc [შემდგ.: ნ. დოლიძე, ნ. ფირცხალავა, ი. გომელაური ; რედ. კ. ბლაგიძე].
264 ## - წარმოების, გამოცემის, დისტრიბუციის და სხვა ცნობები
გამოცემის, წარმოების, დისტრიბუციის... ადგილი თბილისი,
გამოცემის, წარმოების, დისტრიბუციის... თარიღი 2007.
300 ## - ფიზიკური აღწერა
Extent 143 გვ. ;
Other physical details 21 სმ.
501 ## - შენიშვნა თანმხლებ მასალაზე
With note სახელთა საძიებელი გვ. 128-142
653 ## - INDEX TERM--UNCONTROLLED
Uncontrolled term დოდაშვილი, სოლომონ
700 ## - ADDED ENTRY--PERSONAL NAME
Personal name დოლიძე, ნ.
Relator term შემდგენელი
9 (RLIN) 18237
700 ## - ADDED ENTRY--PERSONAL NAME
Personal name ფირცხალავა, ნ.
Relator term შემდგენელი
9 (RLIN) 11277
700 ## - ADDED ENTRY--PERSONAL NAME
Personal name გომელაური, ი.
Relator term შემდგენელი
9 (RLIN) 18241
942 ## - ADDED ENTRY ELEMENTS (KOHA)
Source of classification or shelving scheme
Koha item type წიგნი
ეგზემპლარები
ჩამოწერის სტატუსი დაკარგული ეგზემპლარის სტატუსი კლასიფიკაციის წყარო ან თაროზე გაწყობის სქემა დაზიანების სტატუსი არ გაიცემა მუდმივი მდებარეობა (დაცვის ადგილი) ამჟამინდელი ადგილსამყოფელი თაროზე განთავსების ადგილი შეძენის თარიღი ღირებულება, შესყიდვის ნორმალური ფასი სრული შენახვის შიფრი შტრიხკოდი ბოლო ოპერაციის თარიღი ეგზემპლარის მიმდევრობითი ნომერი (კეტერი?) Uniform Resource Identifier ფასის ძალაში შესვლის თარიღი ეგზემპლარის სახეობა საჯარო შენიშვნა
          ბათუმის შოთა რუსთაველის სახელმწიფო უნივერსიტეტის მთავარი ბიბლიოთეკა ბათუმის შოთა რუსთაველის სახელმწიფო უნივერსიტეტის მთავარი ბიბლიოთეკა წიგნსაცავი 2023-05-25 5.00 016:1(479.22)(092 დოდაშვილი, ს.) დ-72 64444 2023-05-25 64444 ბსუ-ს საპატიო დოქტორის გურამ ლორთქიფანიძის საჩუქარი 2023-05-25 წიგნი 5 ლ.